Системный подход к анализу изобретений на рынке изделий электронной техники; Наукоемкие технологии; № 6

Bibliografiset tiedot
Parent link:Наукоемкие технологии: научно-технический журнал.— , 2001-
№ 6.— 2004.— С. 60-63
Päätekijä: Иванченко Н. О.
Yhteenveto:Журнал в журнале: Интеллектуальная собственность и нематериальные активы
Kieli:venäjä
Julkaistu: 2004
Aiheet:
Aineistotyyppi: Kirjan osa
KOHA link:https://koha.lib.tpu.ru/cgi-bin/koha/opac-detail.pl?biblionumber=395777

MARC

LEADER 00000naa2a2200000 4500
001 395777
005 20231101064705.0
035 |a (RuTPU)RU\TPU\prd\33369 
090 |a 395777 
100 |a 20050301a2004 k y0rusy50 ca 
101 0 |a rus 
102 |a RU 
200 1 |a Системный подход к анализу изобретений на рынке изделий электронной техники  |f Н. О. Иванченко 
300 |a Журнал в журнале: Интеллектуальная собственность и нематериальные активы 
320 |a Библиогр.: 3 назв. 
461 1 |0 (RuTPU)RU\TPU\prd\1139  |t Наукоемкие технологии  |o  научно-технический журнал  |d 2001- 
463 1 |0 (RuTPU)RU\TPU\prd\27450  |t № 6  |v С. 60-63  |d 2004 
610 1 |a электронная техника 
610 1 |a изобретения 
610 1 |a рынок 
610 1 |a комплексный анализ 
610 1 |a системный подход 
610 1 |a патентная литература 
610 1 |a перспективы развития 
610 1 |a целесообразность 
675 |a 621.385.6.62.192  |v 3 
700 1 |a Иванченко  |b Н. О. 
801 1 |a RU  |b 63413507  |c 20050301  |g PSBO 
942 |c BK